Làm chủ phương pháp giảng dạy : Sách tham khảo

محفوظ في:
التفاصيل البيبلوغرافية
المؤلف الرئيسي: Hunter, Madeline
التنسيق: كتاب
اللغة:Undetermined
منشور في: Thành phố Hồ Chí Minh Đại học Quốc gia Thành phố Hồ Chí Minh 2005
الموضوعات:
الوسوم: إضافة وسم
لا توجد وسوم, كن أول من يضع وسما على هذه التسجيلة!
Thư viện lưu trữ: Trung tâm Học liệu Trường Đại học Cần Thơ
LEADER 00606nam a2200193Ia 4500
001 CTU_98402
008 210402s9999 xx 000 0 und d
020 |c 170000 
082 |a 371.3 
082 |b H946 
100 |a Hunter, Madeline 
245 0 |a Làm chủ phương pháp giảng dạy : 
245 0 |b Sách tham khảo 
245 0 |c Madeline Hunter, Robin Hunter 
260 |a Thành phố Hồ Chí Minh 
260 |b Đại học Quốc gia Thành phố Hồ Chí Minh 
260 |c 2005 
650 |a Teaching methods 
980 |a Trung tâm Học liệu Trường Đại học Cần Thơ